Vienna Lyrics - Ultravox - Statistics

General Stats
  • This quiz has been taken 3 times
  • The average score is 81 of 132
Answer Stats
Answer % Correct
a
100%
A
100%
and
100%
I,
100%
in
100%
is
100%
it
100%
me
100%
Oh,
100%
on
100%
Vienna
100%
We
100%
you
100%
air
67%
breath
67%
cold
67%
cry,
67%
fades
67%
gone,
67%
has
67%
means
67%
night
67%
nothing
67%
only
67%
the
67%
The
67%
This
67%
to
67%
until
67%
voice
67%
waiting
67%
with
67%
your
67%
as
33%
distance
33%
feeling
33%
Freezing
33%
grey
33%
image
33%
lying
33%
of
33%
pane,
33%
piercing
33%
sky,
33%
So
33%
stays
33%
walked
33%
window
33%
Alone
0%
brings
0%
calling
0%
cool
0%
dark
0%
daylight
0%
empty
0%
frame
0%
hand
0%
Haunting
0%
man
0%
music
0%
mystic
0%
notes
0%
out
0%
picture
0%
Pizzicato
0%
reaching
0%
rhythm
0%
silence
0%
soulful
0%
strings,
0%
warmth
0%
weaving
0%
No matching quizzes found
Score Distribution
Percent of People with Each Score
Percentile by Number Answered
Your Score History
You have not taken this quiz